[Event "IECG Q3.2000.0.00091"]
[Site "IECG email"]
[Date "2000.10.29"]
[Round "?"]
[White "Boho, Andrew"]
[Black "Koski, Chad"]
[Result "1-0"]
[WhiteElo "1368"]
[BlackElo "1264"]
[PlyCount "31"]
[EventDate "2000.10.29"]
[EventType "tourn (corr)"]
[EventRounds "6"]
[SourceTitle "Corr 2008"]
[Source "ChessBase"]
[SourceDate "2008.06.24"]
[SourceVersion "1"]
[SourceVersionDate "2008.06.24"]
[SourceQuality "1"]

1. e4 e5 2. d4 exd4 3. Qxd4 Nc6 4. Qe3 Nf6 5. Bd2 Be7 6. Nc3 0-0 7. Bc4 Nb4 8. 0-0-0 d5 9. Nxd5 Nbxd5 10. exd5 Nxd5 11. Bxd5 Qxd5 12. Qxe7 Qxg2 13. Ne2 Qxf2 14. Rhg1 Be6 15. Rdf1 Qxe2 16. Rxg7+ 1-0